000 01779nam a2200385 c 4500
003 BLK
005 20240126095907.0
008 180412b bul|||||r ||||||| ||bul||
010 _aKNG00013462000
020 _a954-693-001-6
_bиздат.: Кабри
040 _aBLK
041 _aBUL
_cBUL
080 _aСтопански планове. Стопанско планиране
_b338.26
_x(035)
_z338.26(035)
080 _aФорми на предприятията в зависимост от отношението към собствеността...
_b334.72
_x.008.5(035)
_z334.72.008.5(035)
100 1 _aБлекуел, Едуард
_eпърви автор
_9256995
700 1 _aШолопова, Елизабет
_eпрев. от англ.
_9143891
139 _aБлекуел, Едуард
_bБ 48
245 1 0 _aКак да подготвим бизнес план
_cЕдуард Блекуел; прев. от англ. Елизабет Шолопова.
250 _a5. прераб. изд.
257 _aGBR
260 София
_bКабри
_c1996
_fСофия : Очи
300 _a160 с.
_bс табл.
_c21 см
380 _a3
500 _aБез сведение за ориг. загл. - Офс. изд. - 1000 тир. - Доп. тир. 2008.
650 4 _aБизнес - планиране - наръчници и ръководства
_9255722
650 4 _aФирми - планиране - наръчници и ръководства
_9256996
653 _aбизнес
653 _aпланиране
852 _aЦб 189753
856 4 _qpdf
_u
856 4 _qpdf
_u
942 _cKNG
_n0
_09
944 _aCR
_c15.01.2003
_k30531
_lЦветелина Шанова
944 _aED
_c17.03.2017
_kНора_Радева
999 _c11889
_d11889